| 000 | 01521cab a2200253 4500 | ||
|---|---|---|---|
| 001 | ABS68745 | ||
| 008 | 111024s2005 000 0 eng u | ||
| 035 | _a(Sirsi) u128806 | ||
| 100 | _aReid, D. | ||
| 245 | _aFair notice? | ||
| 260 | _c2005 | ||
| 490 |
_aJournal of the Law Society of Scotland _v60(1) January 2005, 44-47(4) |
||
| 520 | _aAddresses worrying issues concerning the notice of potential liability of costs introduced in the Tenements (Scotland) Act 2004 s12(3), which is a new registerable event and document relating to whether and to what extent a flat purchaser in a tenement should be liable for common charges incurred or proposed prior to the purchase. Examines the legal and contractual background to actual or potential common charges in the context of a sale of a flat, scrutinises s12(3) in detail and looks at the missives provisions. Concludes that with this new provision yet another potential pitfall has been introduced into the conveyancing process for which practitioners will have to provide. View the Act at www.scotland-legislation.hmso.gov.uk. | ||
| 590 | _aABS | ||
| 650 | _aTENEMENTS (SCOTLAND) ACT 2004 S12(3) | ||
| 650 | _aCONVEYANCING | ||
| 650 | _aSERVICE CHARGES | ||
| 650 | _aTENEMENTS | ||
| 650 | _aSERVICE CHARGE DISPUTES | ||
| 650 | _aSCOTLAND | ||
| 690 | _aPROPERTY-LANDLORD AND TENANT | ||
| 856 |
_uhttps://www.legislation.gov.uk/asp/2004/11/contents/enacted _zView the Tenements (Scotland) Act 2004 free of charge at www.legislation.gov.uk |
||
| 942 | _n0 | ||
| 999 |
_c74799 _d74799 |
||